| 000 | 00780cam a22002533a 4500 | ||
|---|---|---|---|
| 001 | 29501 | ||
| 003 | PGUSA | ||
| 005 | 20140828083634.0 | ||
| 008 | 090724s2009||||xxu|||||s|||||000 | eng d | ||
| 040 |
_aPGUSA _beng |
||
| 042 | _adc | ||
| 050 | 4 | _aE151 | |
| 100 | 1 |
_aScott, Emmett J. _q(Emmett Jay), _d1873-1957 |
|
| 245 | 1 | 0 |
_aNegro Migration during the War _h[electronic resource] / _cEmmett J. Scott |
| 260 |
_bProject Gutenberg, _c2009 |
||
| 506 | _aPublic domain in the USA. | ||
| 516 | _aElectronic text | ||
| 653 | _aWorld War, 1914-1918 -- Economic aspects -- United States | ||
| 653 | _aAfrican Americans | ||
| 653 | _aMigration, Internal -- United States | ||
| 830 | 0 |
_aProject Gutenberg _v29501 |
|
| 856 | 4 | 0 | _uhttp://www.gutenberg.org/ebooks/29501 |
| 942 | _cEB | ||
| 999 |
_c258756 _d258756 |
||